000 00677cam a2200217 a 4500
001 4475805
005 20180316043814.0
008 960205s1996 maua f 001 0 eng
010 _a 96110683
020 _a0669388130
040 _aDLC
_cDLC
_dDLC
041 _aeng
080 _a808.042 pat
082 0 0 _a808/.042 pat
_220
100 1 _a25
101 _a25
245 1 0 _aWriters INC :
_cwritten and compiled by Patrick Sebranek, Verne Meyer, and Dave Kemper.
906 _a7
_bcbc
_corignew
_d2
_encip
_f19
_gy-gencatlg
942 _2ddc
_cBK
999 _c45207
_d45207